| 000 | 00391nam a22001337a 4500 | ||
|---|---|---|---|
| 999 |
_c534773 _d534773 |
||
| 020 | _a9960770796 | ||
| 082 | _a297.122 | ||
| 100 | _aMuhammad Taqi-ud-Din Al-Hilali | ||
| 245 |
_aThe Noble QUR'AN / _cMuhammad Taqi-ud-Din Al-Hilali |
||
| 260 |
_6Madinah : _aInternational Islamic Publication. |
||
| 300 | _a956 p. | ||
| 942 |
_2ddc _cBK |
||